Digital marketing campaign

Analýza súčasnej situácie na poli na internetového marketingu a e-biznisu.

Saved in:
Bibliographic Details
Main Author: Szivósová, Mária, 1958-
Format: Book Chapter
Language:English
Subjects:
Tags: Add Tag
No Tags, Be the first to tag this record!

MARC

LEADER 00000nla a2200000 4500
001 0210891
005 20240502073519.8
041 0 |a eng 
044 |a SK 
245 1 0 |a Digital marketing campaign  |c Mária Szivósová 
520 |a Analýza súčasnej situácie na poli na internetového marketingu a e-biznisu. 
610 2 0 |a podnikanie elektronické 
610 2 0 |a systémy informačné 
610 2 0 |a technológie informačné 
610 2 0 |a technológie komunikačné 
610 2 0 |a marketing elektronický 
100 1 |a Szivósová, Mária, 1958-